|
|
|
|
| LEADER |
02032nam a2200457 i 4500 |
| 001 |
EBC1075567 |
| 003 |
MiAaPQ |
| 005 |
20200520144314.0 |
| 006 |
m o d | |
| 007 |
cr cnu|||||||| |
| 008 |
150508t20142014gw ao o 000 0 ger d |
| 020 |
|
|
|z 9783110310412
|
| 020 |
|
|
|a 9783110310511 (e-book)
|
| 020 |
|
|
|z 9783110395891 (EPUB)
|
| 035 |
|
|
|a (MiAaPQ)EBC1075567
|
| 035 |
|
|
|a (Au-PeEL)EBL1075567
|
| 035 |
|
|
|a (CaPaEBR)ebr11049496
|
| 035 |
|
|
|a (OCoLC)908077068
|
| 040 |
|
|
|a MiAaPQ
|b eng
|e rda
|e pn
|c MiAaPQ
|d MiAaPQ
|
| 050 |
|
4 |
|a Z678.9
|b .B535 2014
|
| 082 |
0 |
|
|a 020.2854678
|2 23
|
| 245 |
0 |
0 |
|a Bibliotheken :
|b innovation aus tradition : Rolf Griebel zum 65. geburtstag /
|c herausgegeben von Klaus Ceynowa und Martin Hermann.
|
| 264 |
|
1 |
|a Berlin, [Germany] ;
|a Munich, [Germany] ;
|a Boston, [Massachusetts] :
|b De Gruyter Saur,
|c 2014.
|
| 264 |
|
4 |
|c 2014
|
| 300 |
|
|
|a 1 online resource (735 pages) :
|b illustrations, photographs
|
| 336 |
|
|
|a text
|2 rdacontent
|
| 337 |
|
|
|a computer
|2 rdamedia
|
| 338 |
|
|
|a online resource
|2 rdacarrier
|
| 588 |
|
|
|a Description based on online resource; title from PDF title page (ebrary, viewed May 8, 2015).
|
| 590 |
|
|
|a Electronic reproduction. Ann Arbor, MI : ProQuest, 2015. Available via World Wide Web. Access may be limited to ProQuest affiliated libraries.
|
| 650 |
|
0 |
|a Libraries
|x Information technology
|x Planning.
|
| 650 |
|
0 |
|a Libraries
|x Information technology.
|
| 650 |
|
0 |
|a Libraries and community.
|
| 650 |
|
0 |
|a Libraries and the Internet.
|
| 655 |
|
4 |
|a Electronic books.
|
| 700 |
1 |
|
|a Griebel, Rolf,
|e honouree.
|
| 700 |
1 |
|
|a Ceynowa, Klaus,
|e editor.
|
| 700 |
1 |
|
|a Hermann, Martin,
|e editor.
|
| 776 |
0 |
8 |
|i Print version:
|t Bibliotheken : innovation aus tradition : Rolf Griebel zum 65. geburtstag.
|d Berlin, [Germany] ; Munich, [Germany] ; Boston, [Massachusetts] : De Gruyter Saur, c2014
|h xv, 719 pages
|z 9783110310412
|
| 797 |
2 |
|
|a ProQuest (Firm)
|
| 856 |
4 |
0 |
|u https://ebookcentral.proquest.com/lib/matrademy/detail.action?docID=1075567
|z Click to View
|